00315 2200145 4500245003900000250001100039100001500050650001600065650001400081005001900095260001800114041001400132084001400146336000900160 aPotongan SayurancGaluh SocahText aCet. 1 aGaluh Soca aKarya Siswa aScrapbook a20250526092955 aJakartac2025 aIndonesia a081 GAL p atext